Statistiche per Giro delle Sette Chiese

Clicka qui per fare il quiz!

Statistiche generali

  • Questo quiz è stato fatto 14 volte
  • Il punteggio medio è 5 su 7

Statistiche sulle risposte

Risposta% Corretto
Basilica di San Giovanni in Laterano
100%
Basilica di San Pietro in Vaticano
100%
Basilica di San Paolo fuori le mura
93%
Basilica di Santa Maria Maggiore
71%
Basilica di San Lorenzo fuori le mura
64%
Basilica di Santa Croce in Gerusalemme
50%
Basilica di San Sebastiano fuori le mura
43%

Distribuzione punteggi

Percentile per numero di risposta

Percentuale di utenti per punteggio

I tuoi punteggi nel tempo

Non hai fatto questo quiz